Fisheries management and ecology

Salvato in:
Dettagli Bibliografici
Autore principale: Tipple, J. R. J.
Natura: Libro
Lingua:Undetermined
Pubblicazione: The United Kingdoms British Crown 1992
Soggetti:
Tags: Aggiungi Tag
Nessun Tag, puoi essere il primo ad aggiungerne! !
Thư viện lưu trữ: Trung tâm Học liệu Trường Đại học Cần Thơ
LEADER 00501nam a2200181Ia 4500
001 CTU_150085
008 210402s9999 xx 000 0 und d
082 |a 577.6 
082 |b T595 
100 |a Tipple, J. R. J. 
245 0 |a Fisheries management and ecology 
245 0 |c J. R. J. Tipple, D. R. P. Leonard 
260 |a The United Kingdoms 
260 |b British Crown 
260 |c 1992 
650 |a Aquatic ecology 
904 |i Giang 
980 |a Trung tâm Học liệu Trường Đại học Cần Thơ